Wishbone- Conan Gray - Statistics

General Stats
  • This quiz has been taken 139 times
  • The average score is 11 of 12
Answer Stats
Track # Title % Correct
Track 1 Actor
99%
Track 3 Vodka Cranberry
98%
Track 11 Eleven Eleven
96%
Track 2 This Song
95%
Track 8 Caramel
94%
Track 10 Sunset Tower
92%
Track 12 Care
91%
Track 6 Class Clown
89%
Track 9 Connell
88%
Track 4 Romeo
87%
Track 5 My World
84%
Track 7 Nauseous
81%
No matching quizzes found
Score Distribution
Percent of People with Each Score
Percentile by Number Answered
Your Score History
You have not taken this quiz